| 000 | 00495nam a2200193Ia 4500 | ||
|---|---|---|---|
| 008 | 101110s9999 xx 000 0 und d | ||
| 041 | _aENGLISH | ||
| 082 |
_bSR19315 _a543.02 |
||
| 100 | _aWillard, Merritt, Dean | ||
| 245 | _aInstrumental Methods of Analysis | ||
| 365 | _b100 | ||
| 520 | _aChemistry | ||
| 546 | _aENGLISH | ||
| 630 | _aInstrumental Methods of Analysis | ||
| 650 | _aChemistry | ||
| 655 | _aChemistry | ||
| 730 | _aInstrumental Methods of Analysis | ||
| 942 | _cBOOK | ||
| 999 |
_c812651 _d812648 |
||